| 000 | 00708nam a2200193 a 4500 | ||
|---|---|---|---|
| 005 | 20240912063913.0 | ||
| 008 | 030325s1993 mx r 000 0 spa d | ||
| 020 | _a8433106112 | ||
| 035 | _aUPN01000123219 | ||
| 049 | _aCG | ||
| 050 | 4 |
_aLC41 _bA4.2 |
|
| 245 | 0 | 3 |
_aLa acción tutorial en educación secundaria : _bprogramación y materiales básicos. |
| 260 |
_aMadrid : _bEscuela Española, _cc1993. |
||
| 300 | _a287 p. | ||
| 500 | _aA la cabeza de la portada: Seminario de acción tutorial del centro de profesores de ZAFRA, Ministerio de Educación y Ciencia, Centro de Profesores ZAFRA | ||
| 650 | 4 |
_aTutores (Educación) _95717 |
|
| 650 | 4 |
_aEDUCACION SECUNDARIA - _zESPAÑA _98081 |
|
| 905 | _aLibro | ||
| 999 |
_c95400 _d95400 |
||